| 000 | 00488nam a2200181Ia 4500 | ||
|---|---|---|---|
| 003 | GCL | ||
| 008 | 140319s9999 xx 000 0 eng d | ||
| 040 |
_aGCL / _cGCL |
||
| 082 | 0 | 4 |
_a370.15 _bS P |
| 100 | 1 | _aSNOWMAN, BIEHLER | |
| 245 | 1 | 0 |
_aPSYCHOLOGY APPLIED TO TEACHING / _cSNOWMAN, BIEHLER |
| 260 |
_a[S.N] : _bHOUGHTON MIFFLIN COMPANY ، _c1993 |
||
| 300 | _a702 P | ||
| 490 |
_aINTERNATIONAL STUDENT EDITION _v0 |
||
| 650 | 0 | 4 | _aTEACHING |
| 650 | 0 | 4 | _aEDUCATION |
| 942 |
_2ddc _cBK |
||
| 999 |
_c24628 _d24628 |
||